000 00266nam a2200109Ia 4500
008 220204s9999 xx 000 0 und d
082 _a82-3
_bNAR
100 _aNarayan, R K
245 0 _aBachelor of arts
260 _aMysore
_bIndian thought Publn
_c1982
942 _cBK
999 _c38772
_d38772